¿Cómo enfrentan los movimientos populares al imperialismo? /

Gorde:
Xehetasun bibliografikoak
Egile nagusia: Korol, Claudia
Formatua: Texto
Gaiak:
Etiketak: Etiketa erantsi
Etiketarik gabe, Izan zaitez lehena erregistro honi etiketa jartzen!

MARC

LEADER 00000 a a2200000 04500
001 44033
003
040
100 |a Korol, Claudia  
245 |a ¿Cómo enfrentan los movimientos populares al imperialismo? /  |c Claudia Korol  
650 |a MOVIMIENTOS SOCIALES  
650 |a MOVILIZACION SOCIAL  
650 |a GOBERNABILIDAD  
650 |a IMPERIALISMO  
650 |a PODER  
650 |a POLITICA  
650 |a ARGENTINA  
773 |g número39 (2006), páginas 10-16  
999 |c 25343  |d 25343